000 01000nas a2200301 4500
001 BR2015001487
003 BR-BrBNA
005 20231205125117.0
007 ta
008 230509b bl.|||p| |||| 00| 00por d
040 _aBR-BrBNA
_bpor
_cBiblioteca Nacional de Agricultura
041 _a(Pt)
072 _aQ70
100 1 _aBueno, G.F.
100 1 _aAlmeida, C.B. de
100 1 _aDel Bianchi, V.L.
245 1 _aDegradação da manipueira utilizando reator de lodo ativado em batelada sequencial com elevado tempo de paralisação intermitente da aeração
650 _aMANDIOCA
650 _aMANIPUEIRA
650 _aRESIDUO ORGANICO
650 _aLODO RESIDUAL
650 _aAERACAO
650 _aTRATAMENTO
773 0 _tRevista Raízes e Amidos Tropicais (Brazil)
_xISSN 1808-981X
_g(2010), v. 6(1) p. 256-263
_wBR2015001487
856 4 0 _uhttp://energia.fca.unesp.br/index.php/rat/article/view/1127/473
909 _a202311
_bLúcia
_c55
_dLúcia Elande
942 _2AGRIS
_n0
_cANA
999 _c242686
_d242686